00959 2200349 4500001002100000005001700021008004100038020002200079035002400101040001200125082001800137084001800155090001800173100002400191245007600215250001100291260003700302300004000339500003100379650002400410700001000434850001200444990001700456990001700473990001700490990001700507990001700524990001700541990001700558990001700575990001700592INLIS00000000000037120141029085328.0  a978-979-692-132-4 0010-101400000000266 aYOPDYOG a371.404 Ded B a371.404 Ded B a371.404 Ded B aDEDE RAHMAT HIDAYAT aBimbingan konselingb: Kesehatan mental di sekolahcDede Rahmat Hidayat aCet. 1 aBandungbRemaja Rosdakaryac2013 ax, 188 hlm.bilus.c24 cm. [3 eks.] aBibliografi : hlm. 171-181 aBimbingan konseling aHerdi aYOPDYOG a8962-PD/B.14 a8963-PD/B.14 a8964-PD/B.14 a8962-PD/B.14 a8962-PD/B.14 a8963-PD/B.14 a8964-PD/B.14 a8963-PD/B.14 a8962-PD/B.14